01422nam a2200349 a 4500001001100000003000800011006001900019007001500038008004100053010001700094020002800111040002100139035002100160050002200181082002200203100003200225245008900257246005100346260004700397300001500444490007000459504006600529533015200595650003000747650003200777650002000809655002900829710001700858830005900875856012500934999001301059ebr5004000CaPaEBRm u cr cn|||||||||951018s1996 ctu sb 001 0 eng  z 95042446  z0313295522 (alk. paper) aCaPaEBRcCaPaEBR a(OCoLC)60444986414aZ710b.B73 1996eb04a025.5/27782232201 aBorne, Barbara Wood,d1945-10a100 research topic guides for studentsh[electronic resource] /cBarbara Wood Borne.3 aOne hundred research topic guides for students aWestport, Conn. :bGreenwood Press,c1996. axx, 234 p.1 aGreenwood professional guides in school librarianship,x1074-150X aIncludes bibliographical references (p. [227]-228) and index. aElectronic reproduction.bPalo Alto, Calif. :cebrary,d2013.nAvailable via World Wide Web.nAccess may be limited to ebrary affiliated libraries. 0aLibrarieszUnited States. 0aSearching, Bibliographical. 0aReport writing. 7aElectronic books.2local2 aebrary, Inc. 0aGreenwood professional guides in school librarianship.40uhttp://site.ebrary.com/lib/rucke/Doc?id=5004000zAn electronic book accessible through the World Wide Web; click to view c687d687